000
00284cam a22000977a 4500
008
180718b1971 xxu||||| |||| 00| 0 eng d
082
_a
K619x42 Un3/1967
245
_a
Sikness absence in the civil service 1967
260
_a
London
_b
Her Majesty's Stationery Office
_c
1971
300
_a
76+p.
999
_c
500093
_d
500093